| 000 | 00857nam a22002657a 4500 | ||
|---|---|---|---|
| 003 | 0 | ||
| 005 | 20180703145724.0 | ||
| 008 | 0 | ||
| 010 | _aB-167859 | ||
| 020 |
_c600.00 _a8172201761 |
||
| 035 | _aB-167859, B-167860 | ||
| 037 | _bCen Lib/Ret | ||
| 040 |
_aDPL _bEN _c0 |
||
| 082 |
_a796.358 _bWAD |
||
| 100 |
_aWadhwaney, Kishin R. _9102157 |
||
| 245 |
_aIndian cricket and corruption / _cby Kishin R. Wadhwaney |
||
| 260 |
_aNew Delhi _bSiddarth Publications _c2005 |
||
| 270 |
_a10, DSIDC Scheme II, Ohkla Indusrtrial Area Phaes-II _bNew Delhi _e110052 |
||
| 300 |
_axl,332p. : _c21cm(Hb) _bcol.ill. |
||
| 500 | _aIncludes Bibliographical references. | ||
| 650 |
_aCricket--Corrupt practices _924497 |
||
| 650 |
_aCricket--Political aspects _924498 |
||
| 700 |
_aWadhwaney, Kishin R. _9102158 |
||
| 942 |
_2ddc _cEN _h796.358 _mWAD |
||
| 999 |
_c128812 _d128812 |
||